| 000 | 00877nam a22002417a 4500 | ||
|---|---|---|---|
| 005 | 20170314110828.0 | ||
| 010 | _a1617EN ENG-116954 | ||
| 020 |
_a9781138191341 _c895.00 |
||
| 035 | _aB-649681-689 | ||
| 035 | _aEN-100486 | ||
| 037 |
_aDPL _bUPPAL |
||
| 037 | _bDBAD/PUB | ||
| 082 | _a347.0954 | ||
| 100 | _aRanjan, Sudhanshu | ||
| 245 |
_aJustics, judocracy and democracy in India: _cby Sudhanshu Ranjan ; foreward by V.R.Iyear _bboundaries and breaches / |
||
| 260 |
_aNew York _bRoutledge _c2016 |
||
| 270 |
_a711 third avenue _bNew York _eNY 10017 |
||
| 300 |
_axxv,377p. _c24cm(pbk) |
||
| 500 | _aincluds index | ||
| 700 | _aV.R.Krishna Iyear | ||
| 942 |
_2ddc _cEN _mSUD _h347.0954 |
||
| 999 |
_c102158 _d102158 |
||